000
00312 a2200145 4500
001
169588
020
_a
040
_c
Magnum
100
_a
Edim, Sheila Denyse Jamel
240
1
0
_a
Uma menina... bela
_l
por
245
1
0
_a
Uma menina... bela
362
0
_a
1899
697
_a
J/ADOLESCENTE, NAMORO
942
_c
BK
999
_c
169588
_d
169588